[Event "Ding Liren-B"]
[Site "Gatineau CAN"]
[Date "2023.09.12"]
[Round "1"]
[White "Lavoie, Aren"]
[Black "Arvisais, Eric"]
[Result "1-0"]
[WhiteElo "1441"]
[BlackElo "1310"]
[PlyCount "105"]
[EventDate "2023.09.12"]
[EventType "swiss"]
[EventRounds "5"]
[EventCountry "CAN"]

1. e4 c5 2. c3 Nc6 3. d4 cxd4 4. cxd4 d5 5. exd5 Qxd5 6. Nf3 Bg4 7. Nc3 Qd7 8.
Be3 e6 9. Be2 Bb4 10. O-O Nge7 11. Rc1 O-O 12. Na4 b6 13. h3 Bf5 14. Bb5 Rac8
15. Ne5 Qb7 16. Qf3 Nd8 17. Qxb7 Nxb7 18. Ba6 Be4 19. f3 Bd5 20. a3 Bd6 21. Nc3
Rb8 22. Nd7 Na5 23. Nxf8 Kxf8 24. Nxd5 Nxd5 25. Bf2 f5 26. Rc8+ Rxc8 27. Bxc8
Nf4 28. Re1 Ke7 29. g3 Nxh3+ 30. Kg2 Ng5 31. d5 e5 32. f4 Ne4 33. fxe5 Nxf2 34.
exd6+ Kxd6 35. Kxf2 Kxd5 36. b4 Nc4 37. Be6+ Kd4 38. Bxc4 Kxc4 39. Kf3 g5 40.
Re7 Kb3 41. Rxa7 h5 42. Ra6 b5 43. Ra5 Kc4 44. Ra8 Kb3 45. Rb8 Kc4 46. Ra8 Kb3
47. a4 Kxb4 48. axb5 Kxb5 49. Rf8 Kc6 50. Rxf5 h4 51. gxh4 gxh4 52. Kg4 Kd6 53.
Kxh4 1-0

[Event "Ding Liren-B"]
[Site "Gatineau CAN"]
[Date "2023.09.19"]
[Round "2"]
[White "Gagne, Learry"]
[Black "Simard, Paul"]
[Result "0-1"]
[WhiteElo "1222"]
[BlackElo "1271"]
[PlyCount "88"]
[EventDate "2023.09.12"]
[EventType "swiss"]
[EventRounds "5"]
[EventCountry "CAN"]

1. d4 d5 2. c4 c6 3. Nf3 Bf5 4. e3 Nf6 5. Qb3 Qc8 6. Be2 e6 7. O-O Be7 8. Bd2
O-O 9. Nh4 Bxb1 10. Raxb1 Nbd7 11. Nf3 Ne4 12. c5 b6 13. cxb6 axb6 14. Ra1 Qc7
15. Rfc1 Bd6 16. Qc2 c5 17. b3 Rfc8 18. g3 h6 19. Bd3 Ndf6 20. Bc3 cxd4 21.
Bxd4 Qd8 22. Qb2 Ba3 23. Rxc8 Qxc8 24. Qc2 Qd8 25. Ne5 Rc8 26. Nc6 Qd7 27. Ne7+
Bxe7 28. Qb2 b5 29. Rc1 b4 30. Rxc8+ Qxc8 31. f3 Ng5 32. Kf2 Bf8 33. h4 Ngh7
34. Qb1 Qb8 35. g4 Qh2+ 36. Ke1 Qxh4+ 37. Ke2 Bd6 38. Qc1 Qh2+ 39. Kd1 Qh1+ 40.
Kc2 Qxf3 41. Kb1 g5 42. Qc2 e5 43. Bc5 Bxc5 44. Qxc5 Qd1+ 0-1

[Event "Ding Liren-B"]
[Site "Gatineau CAN"]
[Date "2023.09.19"]
[Round "2"]
[White "Laflamme, Mathieu"]
[Black "Lavoie, Aren"]
[Result "0-1"]
[WhiteElo "1417"]
[BlackElo "1441"]
[PlyCount "94"]
[EventDate "2023.09.12"]
[EventType "swiss"]
[EventRounds "5"]
[EventCountry "CAN"]

1. d4 d5 2. c4 e6 3. Nf3 Nf6 4. Bg5 c6 5. e3 Be7 6. cxd5 exd5 7. Bd3 Bg4 8. O-O
Ne4 9. Bxe7 Qxe7 10. h3 h5 11. Be2 Be6 12. Ne5 Nd7 13. Nc3 Nxe5 14. dxe5 Qg5
15. Kh1 Qxe5 16. Rc1 Qf5 17. Bf3 Rd8 18. Qd4 O-O 19. Nxe4 dxe4 20. Qxe4 Qxe4
21. Bxe4 Bxa2 22. Ra1 Bc4 23. Rfc1 Ba6 24. Rd1 Be2 25. Rxd8 Rxd8 26. Rxa7 Ba6
27. b4 Rb8 28. h4 Kf8 29. Kh2 Ke8 30. f3 Kd8 31. Bxc6 Kc7 32. b5 Kb6 33. Rxa6+
bxa6 34. Bd5 a5 35. Bxf7 Rh8 36. Kg3 Kxb5 37. e4 a4 38. e5 Kc5 39. Kf4 Rf8 40.
e6 a3 41. Kg5 Kd6 42. Kxh5 Rxf7 43. exf7 Ke7 44. Kg6 a2 45. Kxg7 a1=Q+ 46. Kg8
Qa8+ 47. Kg7 Qf8+ 0-1

[Event "Ding Liren-B"]
[Site "Gatineau CAN"]
[Date "2023.09.26"]
[Round "3"]
[White "Arvisais, Eric"]
[Black "Laflamme, Mathieu"]
[Result "1-0"]
[WhiteElo "1310"]
[BlackElo "1417"]
[PlyCount "41"]
[EventDate "2023.09.12"]
[EventType "swiss"]
[EventRounds "5"]
[EventCountry "CAN"]

1. d4 d5 2. c4 e6 3. Nc3 a6 4. a4 Nc6 5. Nf3 dxc4 6. e4 Na5 7. Bd2 Bb4 8. Be2
Qd7 9. O-O b5 10. axb5 axb5 11. Bf4 Bb7 12. Ne5 Qd8 13. Nxb5 Bd6 14. Nxd6+ cxd6
15. Nxc4 Bxe4 16. Nxd6+ Kf8 17. Nxe4 Ne7 18. b4 Nac6 19. Rxa8 Qxa8 20. Qa1 Qb7
21. Nc5 1-0

[Event "Ding Liren-B"]
[Site "Gatineau CAN"]
[Date "2023.09.30"]
[Round "3"]
[White "Hamelin, Mikael"]
[Black "Matkovsky, Taras"]
[Result "0-1"]
[WhiteElo "1221"]
[BlackElo "1139"]
[PlyCount "80"]
[EventDate "2023.09.12"]
[EventType "swiss"]
[EventRounds "5"]
[EventCountry "CAN"]

1. e4 c5 2. Nf3 d6 3. c3 Nf6 4. d3 Nc6 5. Be3 g6 6. Nbd2 Bg4 7. Be2 Bxf3 8.
Bxf3 Bg7 9. d4 cxd4 10. cxd4 O-O 11. Qb3 Qd7 12. d5 Ne5 13. Bf4 Nxf3+ 14. Qxf3
Nh5 15. g4 Nxf4 16. Qxf4 Bxb2 17. Rb1 Be5 18. Qf3 Rac8 19. O-O Rc3 20. Qg2 Qa4
21. Nf3 Qxe4 22. Nxe5 Qxe5 23. Rxb7 Ra3 24. f4 Qd4+ 25. Kh1 Qc4 26. Rxe7 Rxa2
27. Qf3 Qc2 28. Qh3 Qd2 29. Rfe1 Qxd5+ 30. Kg1 Qd4+ 31. Qe3 Qxe3+ 32. R7xe3 a5
33. R3e2 Rxe2 34. Rxe2 Ra8 35. Ra2 Kf8 36. Kf2 Ke7 37. Ke3 d5 38. Kd4 Kd6 39.
h4 Re8 40. Re2 Rxe2 0-1

[Event "Ding Liren-B"]
[Site "Gatineau CAN"]
[Date "2023.09.26"]
[Round "3"]
[White "Simard, Paul"]
[Black "Gagne, Raphael"]
[Result "0-1"]
[WhiteElo "1271"]
[BlackElo "1143"]
[PlyCount "86"]
[EventDate "2023.09.12"]
[EventType "swiss"]
[EventRounds "5"]
[EventCountry "CAN"]

1. d4 d5 2. Nc3 Nc6 3. Bf4 Nf6 4. Nb5 e5 5. dxe5 Nh5 6. e3 Nxf4 7. exf4 a6 8.
Nd4 Bd7 9. Ngf3 Bc5 10. Be2 O-O 11. O-O Qb8 12. a3 Qa7 13. c3 b5 14. b4 Nxd4
15. Nxd4 Bb6 16. Bd3 c5 17. bxc5 Bxc5 18. h3 Rac8 19. Nf3 Bb6 20. Qd2 Ba5 21.
Rac1 Qc7 22. Qc2 g6 23. Qa2 Rfd8 24. Ng5 h6 25. Nf3 Bxc3 26. Qxd5 Bxh3 27. Qe4
Bf5 28. Qe3 Rxd3 29. Qe2 Rcd8 30. Rc2 Rxf3 31. gxf3 Bxc2 32. Qxc2 Rd2 33. Qc1
Qc6 34. Kg2 Rd3 35. f5 Qxf3+ 36. Kg1 Qxf5 37. Qxh6 Qg4+ 38. Kh1 Rh3+ 39. Qxh3
Qxh3+ 40. Kg1 Bxe5 41. f4 Bd4+ 42. Rf2 Bxf2+ 43. Kxf2 Qxa3 0-1

[Event "Ding Liren-B"]
[Site "Gatineau CAN"]
[Date "2023.10.03"]
[Round "4"]
[White "Chenard, Paul"]
[Black "Simard, Paul"]
[Result "0-1"]
[WhiteElo "926"]
[BlackElo "1271"]
[PlyCount "64"]
[EventDate "2023.09.12"]
[EventType "swiss"]
[EventRounds "5"]
[EventCountry "CAN"]

1. e4 c5 2. c4 Nc6 3. d3 d6 4. Be3 Nf6 5. h3 g6 6. Nf3 Bg7 7. Nbd2 O-O 8. e5
dxe5 9. Bxc5 b6 10. Ba3 Bf5 11. Qc2 b5 12. O-O-O b4 13. g4 Be6 14. g5 Nd7 15.
Qa4 bxa3 16. Qxa3 Rb8 17. b3 h6 18. Rg1 Bf5 19. c5 hxg5 20. Qa6 Qc7 21. Qc4 Qa5
22. Ne4 Qxa2 23. Nfd2 Qa1+ 24. Nb1 Nd4 25. Ned2 Be6 26. Qa4 Nxb3+ 27. Nxb3 Qxa4
28. N3d2 Rfc8 29. Rg4 Bxg4 30. hxg4 Rxc5+ 31. Nc3 Qb4 32. Kc2 Qb2# 0-1

[Event "Ding Liren-B"]
[Site "Gatineau CAN"]
[Date "2023.10.03"]
[Round "4"]
[White "Gagne, Raphael"]
[Black "Arvisais, Eric"]
[Result "1/2-1/2"]
[WhiteElo "1143"]
[BlackElo "1310"]
[PlyCount "72"]
[EventDate "2023.09.12"]
[EventType "swiss"]
[EventRounds "5"]
[EventCountry "CAN"]

1. d4 d5 2. c4 dxc4 3. e4 b5 4. Nc3 a6 5. Nf3 Nf6 6. e5 Nd5 7. Bd2 Bg4 8. h3
Bh5 9. Be2 e6 10. a3 Nc6 11. Nxd5 Qxd5 12. O-O Nxd4 13. Nxd4 Bxe2 14. Nxe2 Qxe5
15. Bc3 Qg5 16. Qc2 Bc5 17. Rad1 O-O 18. Rd7 Bb6 19. Rfd1 Qh4 20. Ng3 c6 21.
Rb7 Rab8 22. Rdd7 Rxb7 23. Rxb7 Qd8 24. Qe4 Qd1+ 25. Be1 Bxf2+ 26. Kxf2 Qc1 27.
Bc3 Rd8 28. Qxc6 Qc2+ 29. Kg1 Qg6 30. Qd7 Rf8 31. Ra7 Qxg3 32. Rxa6 Qe3+ 33.
Kf1 Qf4+ 34. Kg1 Qe3+ 35. Kh1 Qc1+ 36. Kh2 Qf4+ 1/2-1/2

[Event "Ding Liren-B"]
[Site "Gatineau CAN"]
[Date "2023.10.03"]
[Round "4"]
[White "Gagnon, Daniel"]
[Black "Albert, Michel"]
[Result "1-0"]
[WhiteElo "1180"]
[BlackElo "1169"]
[PlyCount "75"]
[EventDate "2023.09.12"]
[EventType "swiss"]
[EventRounds "5"]
[EventCountry "CAN"]

1. d4 e6 2. e4 d5 3. e5 c5 4. c3 Nc6 5. Nf3 Nh6 6. Bg5 Be7 7. Qd2 Nf5 8. Bxe7
Ncxe7 9. Bb5+ Bd7 10. Na3 O-O 11. O-O-O Rc8 12. g4 a6 13. Bxd7 Qxd7 14. gxf5
Nxf5 15. Rhg1 Qd8 16. Kb1 b5 17. Qg5 g6 18. h4 h6 19. Qxd8 Rfxd8 20. h5 Kh7 21.
hxg6+ fxg6 22. Rh1 Kg7 23. dxc5 Rh8 24. Nd4 Nxd4 25. cxd4 b4 26. Nc2 a5 27. Ne3
Rhf8 28. Ng4 h5 29. Nf6 Rh8 30. Rdg1 h4 31. f4 Kf7 32. Rh3 Ke7 33. Rgh1 Rcf8
34. Rxh4 Rxh4 35. Rxh4 Kd8 36. Rh7 Kc8 37. Kc2 Kb8 38. Nd7+ 1-0

[Event "Ding Liren-B"]
[Site "Gatineau CAN"]
[Date "2023.10.10"]
[Round "5"]
[White "Gagne, Learry"]
[Black "Gagnon, Daniel"]
[Result "1-0"]
[WhiteElo "1222"]
[BlackElo "1180"]
[PlyCount "67"]
[EventDate "2023.09.12"]
[EventType "swiss"]
[EventRounds "5"]
[EventCountry "CAN"]

1. e4 e5 2. Nf3 Nc6 3. Bb5 a6 4. Ba4 b5 5. Bb3 Nf6 6. c3 b4 7. cxb4 Bxb4 8. Nc3
O-O 9. O-O Bb7 10. d3 Bc5 11. Bg5 Be7 12. h3 d6 13. d4 exd4 14. Nxd4 Nxd4 15.
Qxd4 Bxe4 16. Nxe4 Nxe4 17. Bxe7 Qxe7 18. Rfe1 Rfe8 19. f3 c5 20. Qxe4 Qd7 21.
Qc4 Red8 22. Rad1 Qa7 23. Rd5 Rd7 24. Ba4 Re7 25. Red1 Rb8 26. Rxd6 Qc7 27.
Qxa6 c4 28. Qc6 Qa7+ 29. Kf1 Ree8 30. Qxc4 Rxb2 31. R6d2 Rxd2 32. Rxd2 Rb8 33.
Qd4 g6 34. Qxa7 1-0

[Event "Ding Liren-B"]
[Site "Gatineau CAN"]
[Date "2023.10.10"]
[Round "5"]
[White "Gagne, Raphael"]
[Black "Laflamme, Mathieu"]
[Result "0-1"]
[WhiteElo "1143"]
[BlackElo "1417"]
[PlyCount "80"]
[EventDate "2023.09.12"]
[EventType "swiss"]
[EventRounds "5"]
[EventCountry "CAN"]
[TimeControl "1"]

1. d4 d5 2. c4 e6 3. Nc3 a6 4. e3 Nc6 5. b3 Nf6 6. Bd3 Nb4 7. cxd5 Nxd3+ 8.
Qxd3 exd5 9. e4 Bb4 10. e5 Ne4 11. Bb2 Qg5 12. g3 Bf5 13. Qc2 Nxg3 14. Qc1
Qxc1+ 15. Rxc1 Nxh1 16. a3 Be7 17. Nxd5 c6 18. Nb6 Rd8 19. Nf3 O-O 20. Kd2 Nxf2
21. Rf1 Ne4+ 22. Ke3 Bg6 23. b4 Ng5 24. Nd2 f6 25. Ndc4 fxe5 26. Rxf8+ Rxf8 27.
Nxe5 Bd6 28. Nbc4 Bxe5 29. Nxe5 Rf1 30. h4 Nf7 31. Ke2 Rh1 32. Ke3 Nxe5 33.
dxe5 Rxh4 34. Kf3 Kf7 35. Bc1 Ke6 36. Kg3 Rc4 37. Bf4 Rc3+ 38. Kg4 Bf5+ 39. Kg5
h6+ 40. Kh4 Rh3# 0-1

[Event "Ding Liren-B"]
[Site "Gatineau CAN"]
[Date "2023.10.10"]
[Round "5"]
[White "Piche, Danielle"]
[Black "Chenier, Paul"]
[Result "1-0"]
[WhiteElo "930"]
[BlackElo "926"]
[PlyCount "89"]
[EventDate "2023.09.12"]
[EventType "swiss"]
[EventRounds "5"]
[EventCountry "CAN"]

1. d4 d5 2. Bf4 Nc6 3. Nf3 Nf6 4. e3 a6 5. a3 e6 6. c4 Bd6 7. Bg3 Ne4 8. Bxd6
Qxd6 9. Bd3 Qd8 10. Nc3 Nxc3 11. bxc3 O-O 12. O-O Re8 13. Re1 g6 14. cxd5 exd5
15. c4 Be6 16. c5 b6 17. Rb1 bxc5 18. dxc5 d4 19. e4 Bf5 20. exf5 Qf6 21. Rxe8+
Rxe8 22. fxg6 hxg6 23. Qa4 Re6 24. Qxa6 Ne5 25. Qc8+ Kg7 26. Nxd4 Nf3+ 27. Nxf3
Kh6 28. g3 Qc3 29. Be2 Rxe2 30. Qxc7 Qxf3 31. Rf1 f5 32. Qf4+ Qxf4 33. gxf4 Re4
34. c6 Rxf4 35. Rc1 Ra4 36. c7 Ra8 37. Rd1 Rc8 38. Rc1 Kg7 39. a4 Kf7 40. a5
Ke7 41. a6 Kd7 42. a7 Ra8 43. c8=Q+ Rxc8 44. Rxc8 Kxc8 45. a8=Q+ 1-0

[Event "Ding Liren-B"]
[Site "Gatineau CAN"]
[Date "2023.10.10"]
[Round "5"]
[White "Simard, Paul"]
[Black "Arcand, Pierre"]
[Result "1-0"]
[WhiteElo "1271"]
[BlackElo "1171"]
[PlyCount "87"]
[EventDate "2023.09.12"]
[EventType "swiss"]
[EventRounds "5"]
[EventCountry "CAN"]

1. d4 d5 2. c4 dxc4 3. e4 e6 4. Bxc4 Bb4+ 5. Bd2 Bxd2+ 6. Qxd2 Nf6 7. Nc3 O-O
8. Nf3 Nc6 9. O-O Re8 10. e5 Nd5 11. Rac1 Nce7 12. a3 b6 13. b4 Bb7 14. Nxd5
exd5 15. Bb3 a5 16. b5 c6 17. bxc6 Bxc6 18. a4 Rc8 19. Bc2 b5 20. axb5 Bxb5 21.
Rfe1 Bc4 22. Ra1 Nc6 23. Ba4 Qb6 24. h3 Ra8 25. Rab1 Qc7 26. Re3 Re6 27. Bc2 h6
28. Nh4 Ne7 29. Rg3 Ng6 30. Nxg6 fxg6 31. Bxg6 Rf8 32. Bh5 Kh8 33. Ra1 Rf5 34.
Bg4 Qf7 35. Bxf5 Qxf5 36. Rf3 Qe4 37. Rxa5 Rg6 38. Qe3 Qb1+ 39. Kh2 Qf1 40. Rg3
Re6 41. Qf4 Re8 42. Qf7 Rg8 43. Ra7 Qxf2 44. Qxf2 1-0

[Event "Eastern Ontario op"]
[Site "Ottawa CAN"]
[Date "2023.06.16"]
[Round "1.1"]
[White "Sambuev, Bator"]
[Black "Chacon, Jose"]
[Result "1-0"]
[WhiteElo "2530"]
[BlackElo "2027"]
[PlyCount "43"]
[EventDate "2023.06.16"]
[EventType "swiss"]
[EventRounds "5"]
[EventCountry "CAN"]

1. d4 e6 2. c4 b6 3. Nc3 Bb7 4. a3 d6 5. e4 Nd7 6. f4 c5 7. d5 Ngf6 8. Bd3 exd5
9. cxd5 Be7 10. Nf3 a6 11. a4 Qc7 12. b3 O-O 13. O-O h6 14. Bb2 Ng4 15. Qd2 c4
16. bxc4 Qc5+ 17. Kh1 Ne3 18. Rfc1 Nxc4 19. Bxc4 Qxc4 20. Ne2 Qxe4 21. Rc7 Rac8
22. Nc3 1-0

[Event "Eastern Ontario op"]
[Site "Ottawa CAN"]
[Date "2023.06.16"]
[Round "1.3"]
[White "Dukic, Zachary"]
[Black "Myers, Joshua"]
[Result "1-0"]
[WhiteElo "2320"]
[BlackElo "1985"]
[PlyCount "41"]
[EventDate "2023.06.16"]
[EventType "swiss"]
[EventRounds "5"]
[EventCountry "CAN"]

1. e4 d5 2. exd5 Qxd5 3. Nc3 Qd6 4. d4 Nf6 5. Nf3 a6 6. Bd3 Nc6 7. O-O Bg4 8.
Ne4 Nxe4 9. Bxe4 f5 10. Bxc6+ Qxc6 11. d5 Qd6 12. h3 Bh5 13. Qd3 Bxf3 14. Qxf3
g6 15. Bf4 Qb6 16. Qc3 Rg8 17. Bxc7 Qb5 18. Rad1 Bg7 19. Be5 Bxe5 20. Qxe5
O-O-O 21. Rd3 1-0

[Event "Eastern Ontario op"]
[Site "Ottawa CAN"]
[Date "2023.06.16"]
[Round "1.4"]
[White "Petrovic, Milos"]
[Black "Sowa, Ryan"]
[Result "0-1"]
[WhiteElo "1982"]
[BlackElo "2316"]
[PlyCount "54"]
[EventDate "2023.06.16"]
[EventType "swiss"]
[EventRounds "5"]
[EventCountry "CAN"]

1. e4 g6 2. d4 Bg7 3. Nf3 d6 4. Bd3 Nf6 5. O-O O-O 6. h3 Nc6 7. c3 e5 8. Re1 h6
9. Be3 Nh5 10. Nbd2 Qf6 11. d5 Ne7 12. c4 Nf4 13. Bf1 g5 14. c5 Neg6 15. Rc1 h5
16. g3 Bh6 17. Kh2 Kh7 18. Nc4 g4 19. Ng1 gxh3 20. gxf4 Nxf4 21. f3 Rg8 22. Rc2
Bg5 23. Nxh3 Nxh3 24. Bxh3 Bxe3 25. Nxe3 Qh4 26. Nf5 Bxf5 27. exf5 Rg3 0-1

[Event "Eastern Ontario op"]
[Site "Ottawa CAN"]
[Date "2023.06.16"]
[Round "1.5"]
[White "Azar, Sebastien"]
[Black "Zhong, Ryan Yunhui"]
[Result "1-0"]
[WhiteElo "2208"]
[BlackElo "1972"]
[PlyCount "93"]
[EventDate "2023.06.16"]
[EventType "swiss"]
[EventRounds "5"]
[EventCountry "CAN"]

1. e4 e6 2. d4 d5 3. Nd2 c5 4. Ngf3 cxd4 5. Nxd4 Nf6 6. e5 Nfd7 7. N2f3 Bc5 8.
c3 Nc6 9. Nxc6 bxc6 10. Bd3 Qb6 11. b4 Bxf2+ 12. Ke2 a5 13. Rf1 axb4 14. Rxf2
bxc3 15. Qc2 Qa5 16. Kf1 Nc5 17. Bxh7 Ba6+ 18. Kg1 O-O-O 19. Nd4 Bb5 20. Bg5
Ba4 21. Bxd8 Qb4 22. Nxc6 Qc4 23. Na5 Qd4 24. Nb3 Qxe5 25. Bb6 Ne4 26. Bd4 Qc7
27. Bxe4 Qxh2+ 28. Kf1 Qh1+ 29. Ke2 Qxa1 30. Nxa1 Bxc2 31. Bxc2 f6 32. Bxc3 e5
33. Bb3 d4 34. Bb2 Rd8 35. Kd3 Rd6 36. Nc2 g6 37. g4 Kd7 38. Na3 Ra6 39. Nc4
Ke7 40. a4 Ra8 41. Ba3+ Kd8 42. Rxf6 Kc7 43. Rxg6 Rh8 44. Ke4 Rh3 45. Rg7+ Kd8
46. Kd5 Rxb3 47. Rg8+ 1-0

[Event "Eastern Ontario op"]
[Site "Ottawa CAN"]
[Date "2023.06.16"]
[Round "1.6"]
[White "Moses, Neil"]
[Black "Zhu, Matthew"]
[Result "1-0"]
[WhiteElo "1969"]
[BlackElo "2178"]
[PlyCount "71"]
[EventDate "2023.06.16"]
[EventType "swiss"]
[EventRounds "5"]
[EventCountry "CAN"]

1. e4 c5 2. Nf3 d6 3. d4 cxd4 4. Nxd4 Nf6 5. Nc3 a6 6. Be2 e5 7. Nb3 Be7 8. Be3
Be6 9. O-O O-O 10. Nd5 Bxd5 11. exd5 Nbd7 12. c4 Rc8 13. Rc1 Ne8 14. Qd2 b6 15.
f4 f5 16. g4 exf4 17. Bxf4 g5 18. Nd4 Nc5 19. Be3 f4 20. Bf2 Qd7 21. Bf3 Nf6
22. Nf5 Rce8 23. Bd4 Kf7 24. b4 Nb7 25. Bxb6 h5 26. h3 Rh8 27. c5 hxg4 28. hxg4
dxc5 29. bxc5 Qb5 30. Qd4 Rh3 31. d6 Bf8 32. Bxb7 Kg6 33. Bg2 Qe2 34. d7 Bxc5
35. dxe8=Q+ Nxe8 36. Rxc5 1-0

[Event "Eastern Ontario op"]
[Site "Ottawa CAN"]
[Date "2023.06.16"]
[Round "1.8"]
[White "Byl, Oliver"]
[Black "Wang, Derek"]
[Result "1-0"]
[WhiteElo "1917"]
[BlackElo "2114"]
[PlyCount "65"]
[EventDate "2023.06.16"]
[EventType "swiss"]
[EventRounds "5"]
[EventCountry "CAN"]

1. d4 d5 2. Nf3 Nf6 3. g3 c5 4. Bg2 Nc6 5. O-O Bg4 6. c4 Bxf3 7. Bxf3 Nxd4 8.
Bg2 e6 9. cxd5 Nxd5 10. Nc3 Nxc3 11. bxc3 Nc6 12. Qa4 Rc8 13. Bf4 Qe7 14. Rab1
e5 15. Bxe5 Qxe5 16. Rxb7 Qe6 17. Rd1 f5 18. Rd3 Be7 19. Re3 Qf6 20. Bxc6+ Kf8
21. Rexe7 Qxe7 22. Rxe7 Kxe7 23. Qxa7+ Kf6 24. Bd5 Rhf8 25. h4 g6 26. c4 h5 27.
a4 Rce8 28. Qxc5 Kg7 29. e3 Rb8 30. a5 Rb1+ 31. Kg2 Rfb8 32. a6 Ra1 33. Qc7+
1-0

[Event "Eastern Ontario op"]
[Site "Ottawa CAN"]
[Date "2023.06.17"]
[Round "2.1"]
[White "Gordon, David"]
[Black "Sambuev, Bator"]
[Result "0-1"]
[WhiteElo "2144"]
[BlackElo "2530"]
[PlyCount "40"]
[EventDate "2023.06.16"]
[EventType "swiss"]
[EventRounds "5"]
[EventCountry "CAN"]

1. d4 e6 2. Nf3 Nf6 3. Bg5 h6 4. Bxf6 Qxf6 5. e4 g5 6. e5 Qg7 7. Nc3 Nc6 8. Nb5
Kd8 9. Qd3 a6 10. Nc3 g4 11. Ng1 f6 12. f4 gxf3 13. exf6 f2+ 14. Kxf2 Qxf6+ 15.
Nf3 d5 16. Be2 Bd6 17. Rhf1 Bxh2 18. Ke1 Nb4 19. Qd2 Bf4 20. Qd1 Bg3+ 0-1

[Event "Eastern Ontario op"]
[Site "Ottawa CAN"]
[Date "2023.06.17"]
[Round "2.4"]
[White "Sowa, Ryan"]
[Black "Ramesh, Sanjay"]
[Result "1-0"]
[WhiteElo "2316"]
[BlackElo "2027"]
[PlyCount "115"]
[EventDate "2023.06.16"]
[EventType "swiss"]
[EventRounds "5"]
[EventCountry "CAN"]

1. d4 Nf6 2. c4 e6 3. g3 d5 4. Nf3 c6 5. Bg2 Be7 6. O-O O-O 7. Qc2 Nbd7 8. Nbd2
b6 9. e4 dxe4 10. Nxe4 Nxe4 11. Qxe4 Bb7 12. Rd1 Qc7 13. Bf4 Bd6 14. Bxd6 Qxd6
15. c5 Qc7 16. Rac1 bxc5 17. dxc5 Nf6 18. Qe1 Nd5 19. Ng5 Rab8 20. Ne4 a5 21.
Bf1 Ba8 22. b3 Qa7 23. Bc4 a4 24. Qe2 Qa5 25. Qd2 Qa7 26. Rb1 Bb7 27. Rbc1 Bc8
28. Qe1 Nb4 29. a3 Nd5 30. b4 Ba6 31. Qe2 Bxc4 32. Qxc4 Qc7 33. Nd6 Ne7 34. Qc2
Ra8 35. Nc4 Nd5 36. Na5 f5 37. Qxa4 f4 38. Qxc6 Qf7 39. Rd2 Qf5 40. Re1 Rae8
41. Rxd5 Qxd5 42. Qxd5 exd5 43. Rxe8 Rxe8 44. gxf4 d4 45. c6 d3 46. Nb3 Kf7 47.
Kf1 Ke6 48. Ke1 Kd5+ 49. Kd2 Kc4 50. Na5+ Kb5 51. Nb3 Kc4 52. Na5+ Kd4 53. b5
Re2+ 54. Kd1 Kc3 55. c7 Re8 56. Nc6 d2 57. Ne7 Rxe7 58. c8=Q+ 1-0

[Event "Eastern Ontario op"]
[Site "Ottawa CAN"]
[Date "2023.06.17"]
[Round "2.5"]
[White "Moses, Neil"]
[Black "Azar, Sebastien"]
[Result "1/2-1/2"]
[WhiteElo "1969"]
[BlackElo "2208"]
[PlyCount "66"]
[EventDate "2023.06.16"]
[EventType "swiss"]
[EventRounds "5"]
[EventCountry "CAN"]

1. e4 c5 2. Nf3 d6 3. d4 cxd4 4. Nxd4 Nf6 5. Nc3 Nc6 6. Be2 g6 7. Be3 Bg7 8. f3
O-O 9. Qd2 Be6 10. Nxe6 fxe6 11. Bc4 d5 12. exd5 Na5 13. Bb3 Nxb3 14. axb3 Nxd5
15. Nxd5 exd5 16. O-O-O Rf5 17. Rhe1 e6 18. f4 Qd7 19. Bd4 Bh6 20. g3 a5 21.
Bc3 Bg7 22. Bxg7 Kxg7 23. Qd4+ Kg8 24. g4 Rf7 25. Qe5 a4 26. f5 exf5 27. Rxd5
Qc7 28. Qxc7 Rxc7 29. bxa4 Rxa4 30. gxf5 Ra1+ 31. Kd2 Rxe1 32. Kxe1 Rxc2 33.
fxg6 Rxb2 1/2-1/2

[Event "Eastern Ontario op"]
[Site "Ottawa CAN"]
[Date "2023.06.17"]
[Round "2.6"]
[White "Kot, Emanuel"]
[Black "Byl, Oliver"]
[Result "1-0"]
[WhiteElo "2185"]
[BlackElo "1917"]
[PlyCount "114"]
[EventDate "2023.06.16"]
[EventType "swiss"]
[EventRounds "5"]
[EventCountry "CAN"]

1. e4 e5 2. Nf3 Nf6 3. Nxe5 d6 4. Nf3 Nxe4 5. Nc3 Nxc3 6. dxc3 Be7 7. Be3 Nc6
8. Qd2 Be6 9. O-O-O Bf6 10. Ng5 Bf5 11. Bc4 Ne5 12. Be2 Qd7 13. Kb1 h6 14. Nf3
Ng4 15. Nd4 Nxe3 16. Qxe3+ Be6 17. Bf3 c6 18. Nxe6 Qxe6 19. Qxe6+ fxe6 20. Rxd6
Ke7 21. Rd3 Rad8 22. Rhd1 Rxd3 23. cxd3 e5 24. Be4 Kd6 25. Kc2 a5 26. a4 Kc5
27. Rb1 Rd8 28. b4+ axb4 29. cxb4+ Kb6 30. b5 c5 31. a5+ Kxa5 32. Bxb7 Rd4 33.
Bc6 Rb4 34. Ra1+ Kb6 35. Ra6+ Kc7 36. g3 Rd4 37. h4 Rb4 38. Kd2 Rd4 39. Ke3 Rb4
40. Kf3 Rd4 41. Be4 Rd6 42. Ra7+ Kb6 43. Ra6+ Kc7 44. Ra3 Kb6 45. Bc6 Rd4 46.
Ke3 Rb4 47. Be8 Be7 48. Ra6+ Kc7 49. Ra7+ Kd6 50. Rd7+ Ke6 51. Rc7 Bf8 52. Bf7+
Kd6 53. Rc8 Ke7 54. Bc4 g5 55. h5 Rb1 56. Ke4 Bg7 57. Rc7+ Kf6 1-0

[Event "Eastern Ontario op"]
[Site "Ottawa CAN"]
[Date "2023.06.17"]
[Round "3.1"]
[White "Sambuev, Bator"]
[Black "Sowa, Ryan"]
[Result "1-0"]
[WhiteElo "2530"]
[BlackElo "2316"]
[PlyCount "87"]
[EventDate "2023.06.16"]
[EventType "swiss"]
[EventRounds "5"]
[EventCountry "CAN"]

1. d4 Nf6 2. c4 g6 3. Nc3 d5 4. cxd5 Nxd5 5. e4 Nxc3 6. bxc3 Bg7 7. Bc4 c5 8.
Ne2 Nc6 9. Be3 O-O 10. h4 cxd4 11. cxd4 Na5 12. Bd3 Nc6 13. e5 Qa5+ 14. Qd2
Qxd2+ 15. Kxd2 Rd8 16. Rab1 b6 17. Be4 Bb7 18. Rhc1 Rac8 19. Ke1 Na5 20. Bxb7
Nxb7 21. Nc3 f6 22. f4 Na5 23. Nb5 Nc6 24. Rc2 a6 25. Rbc1 axb5 26. Rxc6 Ra8
27. R1c2 Ra3 28. Ke2 Rda8 29. Rxb6 Rxa2 30. Rxa2 Rxa2+ 31. Kf3 fxe5 32. fxe5
Rb2 33. g4 b4 34. e6 h5 35. Rb8+ Kh7 36. g5 b3 37. Ke4 Rb1 38. d5 b2 39. d6 Ra1
40. dxe7 Ra8 41. Rb7 Rc8 42. Kd5 Rc7 43. Rxb2 Rxe7 44. Rb8 1-0

[Event "Eastern Ontario op"]
[Site "Ottawa CAN"]
[Date "2023.06.17"]
[Round "3.2"]
[White "Qian, Eric"]
[Black "Moses, Neil"]
[Result "1/2-1/2"]
[WhiteElo "2100"]
[BlackElo "1969"]
[PlyCount "125"]
[EventDate "2023.06.16"]
[EventType "swiss"]
[EventRounds "5"]
[EventCountry "CAN"]

1. Nf3 Nf6 2. g3 b6 3. Bg2 Bb7 4. O-O e6 5. c4 Be7 6. d4 c5 7. e3 O-O 8. Nc3 d5
9. dxc5 Bxc5 10. Nd4 Qd7 11. Qf3 Nc6 12. Nxc6 Bxc6 13. Rd1 Qb7 14. b3 Rac8 15.
cxd5 Nxd5 16. Nxd5 Bxd5 17. e4 Bc6 18. Be3 f5 19. Bxc5 Bxe4 20. Qe3 Rxc5 21.
Bxe4 fxe4 22. Rd2 Qc6 23. Re1 Rc2 24. Rxc2 Qxc2 25. Re2 Qb1+ 26. Kg2 Rc8 27.
Qd4 Qd3 28. Rxe4 Qxd4 29. Rxd4 Rc7 30. Kf3 Kf7 31. Rd2 Kf6 32. Ke4 g5 33. f4
gxf4 34. Kxf4 a5 35. g4 h6 36. h4 a4 37. g5+ hxg5+ 38. hxg5+ Kf7 39. Rd6 axb3
40. axb3 b5 41. Rb6 Rc5 42. g6+ Kxg6 43. Rxe6+ Kf7 44. Re5 Rc1 45. Rxb5 Ke6 46.
Ke4 Kd6 47. Kd4 Rc6 48. Rh5 Rc1 49. Rh6+ Kc7 50. Kd5 Kb7 51. b4 Rc2 52. Rh7+
Kb6 53. Rh8 Kb7 54. Kd6 Rc6+ 55. Kd5 Rc2 56. Rh6 Rc1 57. Rh5 Kb6 58. Kd6 Rd1+
59. Ke6 Rd4 60. b5 Rb4 61. Kd6 Rxb5 62. Rxb5+ Kxb5 63. Ke5 1/2-1/2